Las reglas del método sociológico
Na minha lista:
| Autor principal: | |
|---|---|
| Formato: | Livro |
| Idioma: | espanhol |
| Publicado em: |
Buenos Aires
Schapire
1965
|
| Assuntos: | |
| Tags: |
Adicionar Tag
Sem tags, seja o primeiro a adicionar uma tag!
|
MARC
| LEADER | 00000nam a2200000 a 4500 | ||
|---|---|---|---|
| 001 | UCR3272 | ||
| 003 | CL-VaPUC | ||
| 008 | 980124e19650000AG |||||||||||||||||spa|d | ||
| 082 | 0 | 4 | |a 301.045 |b DUR |2 21 |
| 100 | 0 | |a Durkheim, Emile |e author |9 314700 | |
| 245 | 1 | 4 | |a Las reglas del método sociológico |
| 300 | |a 112 p | ||
| 942 | |c BK | ||
| 945 | |d 19980124 00:00:00 |a crobeson | ||
| 260 | |a Buenos Aires |b Schapire |c 1965 | ||
| 650 | 0 | |a Sociología |9 255410 | |
| 650 | 0 | |a Ciencias sociales |9 256351 | |
| 650 | 0 | |a Filosofía de las ciencias sociales |9 268057 | |
| 583 | |a last modification |c 19980124 00:00:00 |k Rodrigo Vera | ||
| 999 | |c 266367 |d 266365 | ||
| 952 | |0 0 |1 0 |4 0 |6 301_045000000000000_DUR_1965 |7 0 |8 R |9 297904 |a BIBENE |b BIBENE |d 2019-11-20 |i 1943782 |o 301.045 DUR 1965 |p 1943782 |r 2025-01-15 |w 2019-11-20 |y BK_R |k ICO | ||